| 000 | 00846nam1a22002171i 4500 | ||
|---|---|---|---|
| 001 | rc\4174902 | ||
| 005 | 20240724160037.0 | ||
| 035 | _a(NLR Aleph) 007999398 | ||
| 090 |
_a8629959 _c8629959 |
||
| 100 | _a20130415d1946 |||y0rusy50 ca | ||
| 101 | 0 | _arus | |
| 102 | _aRU | ||
| 105 | _ay g ||||| | ||
| 200 | 1 |
_aСправочник по штабной службе _fПод ред. ген.-м. танковых войск А.А. Игнатьева _gВоен. Ордена Ленина акад. бронетанковых и механизированных войск Красной Армии им. И.В. Сталина. Ч. 2 |
|
| 210 |
_aМосква _cАкадемия _d1946 |
||
| 215 | _d15 | ||
| 702 | 1 |
_aИгнатьев _bА.А. _4340 |
|
| 801 | 0 |
_aRU _bNLR _gpsbo |
|
| 801 | 1 |
_aRU _bELAR _2rusmarc |
|
| 852 |
_aNLR _jВ40 Г-2/873 |
||
| 942 | _cBOOK | ||